Statistieken voor Nederlandse jongensnamen per decennium

Klik hier om de quiz te nemen!

Algemene statistieken

  • Deze quiz is 69 keer genomen
  • De gemiddelde score is 52 van 160

Antwoordstatistieken

1950% Correct
Jan
91%
Daan
67%
Johan
67%
Peter
67%
Tom
63%
Willem
63%
Mark
61%
Tim
61%
Pieter
59%
Sam
59%
Erik
57%
Luca
50%
Rick
50%
Sem
50%
Thomas
50%
Bart
48%
Thijs
46%
Luuk
43%
Maarten
41%
Lucas
39%
Noah
39%
Gijs
37%
Bas
35%
Hendrik
35%
Johannes
35%
Lars
35%
Mees
35%
Ronald
35%
Wouter
33%
Bram
30%
Levi
30%
Martijn
30%
Max
30%
Nick
30%
Richard
30%
Dennis
28%
Finn
28%
Liam
28%
Mike
28%
Robert
28%
Stijn
28%
Jeroen
26%
Michael
26%
Milan
26%
Ruben
26%
Gerrit
24%
Jacob
24%
Jesse
24%
Stefan
24%
Marco
22%
Sander
22%
Michel
20%
Niels
20%
Sven
20%
Benjamin
17%
James
17%
Julian
17%
Kevin
17%
Marcel
17%
Adam
15%
Jayden
15%
Noud
15%
Robin
15%
Patrick
13%
Edwin
11%
Sebastiaan
11%
Cornelis
9%
Hendrikus
9%
Jeffrey
9%
Mason
9%
Petrus
9%
Antonius
7%
Jacobus
7%
René
7%
Adrianus
4%
Franciscus
4%
Gerardus
4%
Roy
4%
Wilhelmus
4%
Marinus
2%
Theodorus
2%
Henricus
0%

Scoreverdeling

Percentiel versus Aantal Correcte Antwoorden

Procent van Mensen met Elke Score

Uw Scoregeschiedenis

U heeft deze quiz nog niet genomen